| 000 | 00376pab a2200145 454500 | ||
|---|---|---|---|
| 008 | 180718b1991 xxu||||| |||| 00| 0 eng d | ||
| 100 | _aHossain, Ishtiaq | ||
| 245 | _aManagement of Bangladesh's national security problems | ||
| 260 | _c1991 | ||
| 300 | _a45-58 | ||
| 362 | _aJan. | ||
| 650 | _aSecurity, National - Bangladesh | ||
| 773 | _aThe Round Table | ||
| 909 | _a18695 | ||
| 999 |
_c18695 _d18695 |
||